000 01247nam0a22003251 4500
001 RU\NLR\A1SV\49259
005 20251203171251.9
035 _a(NLR Aleph) 009731300
090 _a9910363
_c9910363
100 _a20040109d1919 u y0rusy50 ca
101 1 _arus
_cfre
102 _aRU
200 1 _aСовременное сельское хозяйство
_fДаниэль Золла, проф. Гриньон. агр. шк.
_gПер. с фр. Г.И.Гуревича под ред. К.Г.Маньковского
_g[Харьк. обл. с.-х. союз кооперативов]. Харьк. о-во сел. хоз.
210 _aХарьков
_cХОСХ
_d1919
215 _a244 с.
_d23 см
300 _aНа обороте тит. л.: Daniel Zolla, prof. à l'Ecole de Grignon. L'agriculture moderne
620 _dХарьков
700 1 _aЗолла
_bД.
_f1859-1927
_gДаниэль
702 1 _aГуревич
_bГ. И.
702 1 _aМаньковский
_bК. Г.
_gКонстантин Григорьевич
801 0 _aRU
_bNLR
_c20040109
852 _aNLR
_j37.27.3.77
899 _aКПУ
899 _aРГБ
899 _aНБУВ
899 _aМГУ
942 _cBOOK
980 _aNB
980 _aA1SV